Introduction to Tensor Calculus, Relativity, and Cosmology (Record no. 7822)

MARC details
000 -LEADER
fixed length control field 01177cam a2200313 a 4500
001 - CONTROL NUMBER
control field 12934667
003 - CONTROL NUMBER IDENTIFIER
control field OSt
005 - DATE AND TIME OF LATEST TRANSACTION
control field 20231002134640.0
008 - FIXED-LENGTH DATA ELEMENTS--GENERAL INFORMATION
fixed length control field 020918r20021982nyua b 001 0 eng
010 ## - LIBRARY OF CONGRESS CONTROL NUMBER
LC control number 2002033353
020 ## - INTERNATIONAL STANDARD BOOK NUMBER
International Standard Book Number 0486425401 (pbk.)
040 ## - CATALOGING SOURCE
Original cataloging agency DLC
Transcribing agency DLC
Modifying agency DLC
050 00 - LIBRARY OF CONGRESS CALL NUMBER
Classification number QC173.55
Item number .L38 2002
082 00 - DEWEY DECIMAL CLASSIFICATION NUMBER
Classification number 515.6 LAW 2002
Edition number 21
100 1# - MAIN ENTRY--PERSONAL NAME
Personal name Lawden, Derek F.
9 (RLIN) 15922
245 10 - TITLE STATEMENT
Title Introduction to Tensor Calculus, Relativity, and Cosmology
250 ## - EDITION STATEMENT
Edition statement 3rd ed.
260 ## - PUBLICATION, DISTRIBUTION, ETC. (IMPRINT)
Place of publication, distribution, etc. Mineola, N.Y.;
Name of publisher, distributor, etc. Dover Publications,
Date of publication, distribution, etc. 2002.
300 ## - PHYSICAL DESCRIPTION
Extent xiii, 205 p. :
Other physical details ill. ;
Dimensions 24 cm.
500 ## - GENERAL NOTE
General note Originally published: 3rd ed. Chichester [Sussex] ; New York : Wiley, c1982.
504 ## - BIBLIOGRAPHY, ETC. NOTE
Bibliography, etc Includes bibliographical references (p. 200) and index.
650 #0 - SUBJECT ADDED ENTRY--TOPICAL TERM
Topical term or geographic name as entry element Relativity
9 (RLIN) 8007
650 #0 - SUBJECT ADDED ENTRY--TOPICAL TERM
Topical term or geographic name as entry element Calculus
9 (RLIN) 718
650 #0 - SUBJECT ADDED ENTRY--TOPICAL TERM
Topical term or geographic name as entry element Cosmology.
9 (RLIN) 3606
856 42 - ELECTRONIC LOCATION AND ACCESS
Materials specified Publisher description
Uniform Resource Identifier <a href="http://www.loc.gov/catdir/description/dover032/2002033353.html">http://www.loc.gov/catdir/description/dover032/2002033353.html</a>
906 ## - LOCAL DATA ELEMENT F, LDF (RLIN)
a 7
b cbc
c orignew
d 1
e ocip
f 20
g y-gencatlg
942 ## - ADDED ENTRY ELEMENTS (KOHA)
Source of classification or shelving scheme Dewey Decimal Classification
Koha item type Open Shelf
Holdings
Withdrawn status Lost status Source of classification or shelving scheme Damaged status Not for loan Home library Current library Date acquired Source of acquisition Inventory number Total Checkouts Full call number Barcode Date last seen Price effective from Koha item type
    Dewey Decimal Classification     MUST Main Library MUST Main Library 17/03/2022 purchase 06/28280   515.6LAW 2002 2022-0467 17/03/2022 17/03/2022 Open Shelf
    Dewey Decimal Classification     MUST Main Library MUST Main Library 17/03/2022 purchase 06/28281   515.6LAW 2002 2022-0468 17/03/2022 17/03/2022 Open Shelf
    Dewey Decimal Classification     MUST Main Library MUST Main Library 17/03/2022 purchase 05/24542   515.6LAW 2002 2022-0469 17/03/2022 17/03/2022 Open Shelf
    Dewey Decimal Classification     MUST Main Library MUST Main Library 17/03/2022 purchase 05/24544   515.6LAW 2002 2022-0470 17/03/2022 17/03/2022 Open Shelf